[Event "ROM-ch U10"]
[Site "Calimanesti Caciulata"]
[Date "2019.04.17"]
[Round "3"]
[White "Anghel, Calin Marian"]
[Black "Molocea, Albert"]
[Result "0-1"]
[WhiteElo "1001"]
[BlackElo "1084"]
[PlyCount "28"]
[EventDate "2019.04.15"]
[EventType "swiss"]
[EventRounds "9"]
[EventCountry "ROU"]
[SourceTitle "CBM 190 Extra"]
[Source "ChessBase"]
[SourceDate "2019.07.15"]
[SourceVersion "1"]
[SourceVersionDate "2019.07.15"]
[SourceQuality "1"]

1. e4 e5 2. Nf3 Nc6 3. Nc3 Bc5 4. Bc4 Nf6 5. 0-0 d6 6. d3 h6 7. Nh4 Bg4 8. Qd2 Qd7 9. Ng6 fxg6 10. h3 Bxh3 11. gxh3 Qxh3 12. d4 Ng4 13. f3 Bxd4+ 14. Rf2 Bxf2+ 0-1

[Event "ROM-ch U10"]
[Site "Calimanesti Caciulata"]
[Date "2019.04.17"]
[Round "4"]
[White "Molocea, Albert"]
[Black "Ciomaga, Andrei"]
[Result "0-1"]
[WhiteElo "1084"]
[BlackElo "1225"]
[PlyCount "54"]
[EventDate "2019.04.15"]
[EventType "swiss"]
[EventRounds "9"]
[EventCountry "ROU"]
[SourceTitle "CBM 190 Extra"]
[Source "ChessBase"]
[SourceDate "2019.07.15"]
[SourceVersion "1"]
[SourceVersionDate "2019.07.15"]
[SourceQuality "1"]

1. e4 c5 2. Nf3 e6 3. Bc4 a6 4. a3 b5 5. Ba2 Nc6 6. d4 cxd4 7. Nxd4 Bb7 8. Nxc6 Bxc6 9. Nc3 Qc7 10. Be3 Nf6 11. Qd2 Nxe4 12. Nxe4 Bxe4 13. f3 Bg6 14. c3 Be7 15. Rd1 d5 16. 0-0 0-0 17. Rfe1 Bc5 18. Bxc5 Qxc5+ 19. Qd4 Qxd4+ 20. Rxd4 Rfc8 21. h4 h6 22. Kh2 Kf8 23. g4 Rd8 24. h5 Bh7 25. f4 Be4 26. Rf1 f5 27. gxf5 Bxf5 0-1